Normal view
MARC view
Entry Geographic Name
001 - CONTROL NUMBER
- control field: 257552
003 - CONTROL NUMBER IDENTIFIER
- control field:
005 - DATE AND TIME OF LATEST TRANSACTION
- control field: 20210601205710.0
008 - FIXED-LENGTH DATA ELEMENTS
- fixed length control field: 210601|| aca||aabn | a|a d
040 ## - CATALOGING SOURCE
- Original cataloging agency:
- Transcribing agency:
151 ## - HEADING--GEOGRAPHIC NAME
- Geographic name: Poland
- General subdivision: Social life and customs
670 ## - SOURCE DATA FOUND
- Source citation: Work cat.: (): Poland :, 1959
